| 000 | 00774cab a2200265 4500 | ||
|---|---|---|---|
| 001 | ABS57135 | ||
| 008 | 090401t1997 xxu||||| |||| 00| 0 eng d | ||
| 035 | _a(Sirsi) u79272 | ||
| 041 | _aeng | ||
| 100 | _aDoolittle, I. | ||
| 245 | _aAll go in the transfer game | ||
| 260 | _c1997 | ||
| 350 | _a0 | ||
| 490 |
_aLocal Government Chronicle _v20 June 1997, 13(1) |
||
| 520 | _aExplains why urban housing transfers to local housing companies are likely to increase despite the policies of the new Labour government. | ||
| 650 | _aCAPITAL RECEIPTS | ||
| 650 | _aCOUNCIL HOUSING | ||
| 650 | _aHOUSING STOCK | ||
| 650 | _aLABOUR GOVERNMENT | ||
| 650 | _aLOCAL HOUSING COMPANIES | ||
| 650 | _aTRANSFER | ||
| 690 | _aHOUSING | ||
| 942 | _n0 | ||
| 948 | _c27/06/1997 | ||
| 999 |
_c49837 _d49837 |
||